Quelques mots sur la pathogénie, la prophylaxie et le traitement de la fiévre puerpérale (Record no. 49257)

MARC details
000 -LEADER
campo de control de longitud fija 00726nam a2200181 i 4500
001 - NÚMERO DE CONTROL
campo de control 49257
003 - IDENTIFICADOR DE NÚMERO DE CONTROL
campo de control ES-MaACL
005 - FECHA Y HORA DE LA ÚLTIMA TRANSACCIÓN
campo de control 20231224062921.0
007 - CAMPO FIJO DE DESCRIPCIÓN FÍSICA--INFORMACIÓN GENERAL
campo de control de longitud fija t|
008 - DATOS DE LONGITUD FIJA--INFORMACIÓN GENERAL
campo de control de longitud fija 030711s1890 sp ||||1| spa d
100 1# - ENTRADA PRINCIPAL--NOMBRE DE PERSONA
Nombre de persona Cortejarena y Aldebó, Francisco de,
Fechas asociadas al nombre 1835-1919
9 (RLIN) 145203
245 10 - MENCIÓN DEL TÍTULO
Título Quelques mots sur la pathogénie, la prophylaxie et le traitement de la fiévre puerpérale
Resto del título : discours lu devant le Congrès Medical Internationale de Berlin de 1890 /
Mención de responsabilidad, etc. par Francisco de Cortejarena y Aldebo.
260 ## - PUBLICACIÓN, DISTRIBUCIÓN, ETC.
Lugar de publicación, distribución, etc. Biarritz-Bayonne :
Nombre del editor, distribuidor, etc. [s.n.],
Fecha de publicación, distribución, etc. 1890 (
Fabricante Impr. A. Lamaignère)
300 ## - DESCRIPCIÓN FÍSICA
Extensión 23 p. ;
Dimensiones 21 cm.
650 #4 - PUNTO DE ACCESO ADICIONAL DE MATERIA--TÉRMINO DE MATERIA
Término de materia o nombre geográfico como elemento de entrada Infecciones puerperales.
9 (RLIN) 148880
852 ## - LOCALIZACIÓN
Ubicación ES-MaACL
Número de control de estantería T-561-F-5
Holdings
Estatus retirado Estado de pérdida Estado de daño No para préstamo Colección Biblioteca de origen Biblioteca actual Ubicación en estantería Fecha de adquisición Fuente de adquisición Total de préstamos Signatura topográfica completa Código de barras Visto por última vez Precio de reemplazo Tipo de ítem Koha
        Colección de folletos Biblioteca del Ateneo de Madrid Biblioteca del Ateneo de Madrid Depósito folletos 17/01/2008     T-561-F-5 1051835 23/02/2023 23/02/2023 Folleto